[Event "Olimpiade 2014 - Open"]
[Site "Tromsø"]
[Date "05.08.2014"]
[Round "4.15"]
[Board "2"]
[White "Ponomariov, Ruslan"]
[Black "Abdulla, Al-Rakib"]
[Result "1/2-1/2"]
[WhiteTitle "GM"]
[BlackTitle "GM"]
[WhiteElo "2717"]
[BlackElo "2522"]
[WhiteTeam "Ukraine"]
[BlackTeam "Bangladesh"]
[WhiteFideId "14103320"]
[BlackFideId "10200444"]
[EventDate "2014.08.02"]

1. d4 Nf6 2. c4 e6 3. Nc3 Bb4 4. Qc2 O-O 5. a3 Bxc3+ 6. Qxc3 d6 7. Nf3 b6 8. b4
Nbd7 9. Bb2 Bb7 10. e3 a5 11. Be2 axb4 12. axb4 Rxa1+ 13. Bxa1 Ne4 14. Qb2 Qf6
15. O-O Ng5 16. Nxg5 Qxg5 17. d5 f5 18. f4 Qe7 19. Qd2 Nf6 20. Bf3 exd5 21. cxd5
Qf7 22. Rd1 Re8 23. h3 Ra8 24. Bxf6 Qxf6 25. Qc1 Qf7 26. Qc3 h6 27. Rd2 Re8 28.
Kf2 Ba6 29. Rc2 Re7 30. Qd4 Qf6 31. Qxf6 gxf6 32. Rc3 Kg7 33. Ke1 Bb5 34. Kd2
Kf8 35. Ra3 Kg7 36. Ra8 Bf1 37. h4 Bb5 38. g4 Bd7 39. gxf5 Bxf5 40. Ke2 Be4 41.
Kf2 Bxf3 42. Kxf3 f5 43. h5 Re4 44. Rd8 Rxb4 45. Rd7+ Kf6 46. Rxc7 Rb5 47. Rb7
Rxd5 48. Rxb6 Rd2 49. Rb1 Rh2 50. Kg3 Re2 51. Kf3 Rh2 52. Kg3 Re2 53. Kf3 1/2-1/2

[Event "Olimpiade 2014 - Open"]
[Site "Tromsø"]
[Date "05.08.2014"]
[Round "4.15"]
[Board "4"]
[White "Moiseenko, Alexander"]
[Black "Murshed, Niaz"]
[Result "1-0"]
[WhiteTitle "GM"]
[BlackTitle "GM"]
[WhiteElo "2707"]
[BlackElo "2453"]
[WhiteTeam "Ukraine"]
[BlackTeam "Bangladesh"]
[WhiteFideId "14102560"]
[BlackFideId "10200010"]
[EventDate "2014.08.02"]

1. d4 d5 2. c4 e6 3. Nc3 Bb4 4. cxd5 exd5 5. Bf4 Nf6 6. e3 c6 7. Bd3 Bg4 8. Ne2
O-O 9. f3 Bh5 10. g4 Bg6 11. h4 Nbd7 12. h5 Bxd3 13. Qxd3 Ne8 14. O-O-O Bd6 15.
Kb1 b5 16. e4 b4 17. Na4 Bxf4 18. Nxf4 Qg5 19. Nh3 dxe4 20. fxe4 Qb5 21. Qc2 Nc7
22. Rhf1 Ne6 23. Rf5 Qa6 24. Ng5 Rae8 25. h6 g6 26. Nxe6 Rxe6 27. Nc5 Nxc5 28.
Rxc5 Rfe8 29. e5 Rd8 30. g5 Qb6 31. Qc4 Kf8 32. Rf1 Rde8 33. Rf6 Rxf6 34. gxf6
Re6 35. Kc2 Ke8 36. Kb3 Kd8 37. d5 Rxe5 38. Rxc6 Re3+ 39. Ka4 1-0

[Event "Olimpiade 2014 - Open"]
[Site "Tromsø"]
[Date "05.08.2014"]
[Round "4.17"]
[Board "1"]
[White "Saric, Ivan"]
[Black "Batchuluun, Tsegmed"]
[Result "1-0"]
[WhiteTitle "GM"]
[BlackTitle "GM"]
[WhiteElo "2671"]
[BlackElo "2513"]
[WhiteTeam "Croatia"]
[BlackTeam "Mongolia"]
[WhiteFideId "14508150"]
[BlackFideId "4900847"]
[EventDate "2014.08.02"]

1. e4 e6 2. d4 d5 3. Nc3 Nf6 4. Bg5 Bb4 5. e5 h6 6. Bc1 Ne4 7. Qg4 Kf8 8. Ne2
Nxc3 9. bxc3 Ba5 10. h4 c5 11. Ba3 Nd7 12. O-O-O b5 13. Nf4 Bxc3 14. Rh3 Qa5 15.
Nxe6+ fxe6 16. Rf3+ Ke8 17. Qxe6+ Kd8 18. Rxc3 Qxc3 19. Bb2 Qb4 20. Qxd5 Rb8 21.
dxc5 Re8 22. c6 Qe7 23. Bxb5 Rxb5 24. Qxb5 Kc7 25. Rxd7+ 1-0

[Event "Olimpiade 2014 - Open"]
[Site "Tromsø"]
[Date "05.08.2014"]
[Round "4.26"]
[Board "2"]
[White "Aleksandrov, Aleksej"]
[Black "Constantinou, Pavlos"]
[Result "1-0"]
[WhiteTitle "GM"]
[WhiteElo "2595"]
[BlackElo "2106"]
[WhiteTeam "Belarus"]
[BlackTeam "Cyprus"]
[WhiteFideId "13500139"]
[BlackFideId "5900328"]
[EventDate "2014.08.02"]

1. d4 Nf6 2. c4 e6 3. Nc3 Bb4 4. e3 c5 5. Bd3 Nc6 6. Nf3 Bxc3+ 7. bxc3 d6 8. O-O
e5 9. Nd2 O-O 10. Re1 Kh8 11. Rb1 b6 12. Qc2 Ng4 13. h3 Nh6 14. dxc5 dxc5 15. e4
f6 16. Rd1 Nf7 17. Nf1 Qe7 18. Ne3 Nd6 19. Be2 Rd8 20. Rb2 Na5 21. Qb1 Bb7 22.
f3 Ba6 23. Rbd2 Ndxc4 24. Rxd8+ Rxd8 25. Nd5 Qf7 26. f4 Bb7 27. Bxc4 Nxc4 28.
Qd3 Bxd5 29. exd5 Nd6 30. fxe5 fxe5 31. Rf1 Qe7 32. Qg3 Ne4 33. Qf3 Nf6 34. c4
e4 35. Qg3 b5 36. cxb5 Rxd5 37. a4 c4 38. Qc3 Qc7 39. Bf4 Qc8 40. Rc1 Rc5 41.
Be5 Qe6 42. Bd4 Rc7 43. Rf1 Rf7 44. a5 Kg8 45. Qg3 Ne8 46. Rxf7 Qxf7 47. Qe5 Qd7
48. b6 axb6 49. axb6 Nd6 50. Qd5+ Kf8 51. Bc5 Ke7 52. b7 1-0

[Event "Olimpiade 2014 - Open"]
[Site "Tromsø"]
[Date "05.08.2014"]
[Round "4.42"]
[Board "1"]
[White "Wiedenkeller, Michael"]
[Black "Granda Zuniga, Julio E"]
[Result "0-1"]
[WhiteTitle "IM"]
[BlackTitle "GM"]
[WhiteElo "2471"]
[BlackElo "2663"]
[WhiteTeam "Luxembourg"]
[BlackTeam "Peru"]
[WhiteFideId "1700146"]
[BlackFideId "3800024"]
[EventDate "2014.08.02"]

1. d4 Nf6 2. c4 e6 3. Nc3 Bb4 4. e3 b6 5. Ne2 c5 6. a3 Ba5 7. g3 Bb7 8. d5 b5 9.
b4 cxb4 10. Nxb5 b3+ 11. Bd2 Ne4 12. Nec3 Nxd2 13. Qxd2 O-O 14. Bg2 Na6 15. O-O
Nc5 16. Qb2 Qf6 17. Rab1 Rab8 18. Rfd1 Ba6 19. Bf1 Rfc8 20. Rd4 Bxb5 21. cxb5
Bxc3 22. Qxc3 exd5 23. Qe1 Qf5 24. Rbd1 b2 25. Rb4 Qc2 26. Rd2 Qc1 27. Rd1 Ne4
28. Bd3 Qxd1 29. Qxd1 Rc1 30. Qf1 Nd2 31. Rxb2 Nxf1 32. Bxf1 d4 33. exd4 Rd1 34.
Rc2 Kf8 35. Rc7 Rxb5 36. Kg2 Rbb1 37. Ba6 Rxd4 38. Bc8 Ke7 39. Rxa7 Rb2 40. h4
Rdd2 41. Kh3 h5 42. g4 Rb3+ 0-1

[Event "Olimpiade 2014 - Open"]
[Site "Tromsø"]
[Date "05.08.2014"]
[Round "4.45"]
[Board "3"]
[White "Klasan, Vladimir"]
[Black "Illingworth, Max"]
[Result "0-1"]
[WhiteTitle "IM"]
[BlackTitle "IM"]
[WhiteElo "2365"]
[BlackElo "2439"]
[WhiteTeam "ICCD"]
[BlackTeam "Australia"]
[WhiteFideId "934054"]
[BlackFideId "3205207"]
[EventDate "2014.08.02"]

1. e4 c5 2. Nf3 e6 3. Nc3 a6 4. d4 cxd4 5. Nxd4 Qc7 6. g4 Bb4 7. Ne2 Nf6 8. a3
Ba5 9. b4 Bb6 10. h3 d5 11. exd5 Nxd5 12. Nxd5 exd5 13. Bb2 O-O 14. Bg2 Be6 15.
O-O Nc6 16. Kh1 Rad8 17. Qd2 d4 18. Rad1 f5 19. gxf5 Bxf5 20. Ng3 Bg6 21. Rde1
Ne5 22. Qg5 Nf3 23. Bxf3 Rxf3 24. Re6 Rdf8 25. Rxb6 Qxb6 26. Qd5+ Kh8 27. Bxd4
Qc6 28. Qxc6 bxc6 29. Re1 Bxc2 30. Kg2 R3f7 31. h4 Bb3 32. h5 h6 33. Kg1 Rd8 34.
Re4 Bd1 35. Bb2 Rd2 36. Bd4 Bf3 37. Re8+ Kh7 38. Bc5 Rf4 39. Re1 Rh4 0-1

[Event "Olimpiade 2014 - Open"]
[Site "Tromsø"]
[Date "05.08.2014"]
[Round "4.47"]
[Board "2"]
[White "Anquandah, Francis Eric"]
[Black "Li, Zuhao Luke"]
[Result "0-1"]
[BlackTitle "FM"]
[WhiteElo "1963"]
[BlackElo "2365"]
[WhiteTeam "Ghana"]
[BlackTeam "New Zealand"]
[WhiteFideId "12600148"]
[BlackFideId "4303431"]
[EventDate "2014.08.02"]

1. e4 e6 2. d4 d5 3. Nd2 c5 4. c3 cxd4 5. cxd4 dxe4 6. Nxe4 Bb4+ 7. Nc3 Nf6 8.
Bb5+ Nbd7 9. Ne2 a6 10. Bxd7+ Bxd7 11. O-O Bc6 12. Bg5 O-O 13. a3 Be7 14. Qd2 h6
15. Bf4 Nd5 16. Nxd5 Qxd5 17. f3 Rfd8 18. Rfd1 Qf5 19. Qe3 Rd7 20. Rd2 Rad8 21.
Rad1 Ba4 22. Rc1 Bf6 23. g4 Qa5 24. b4 Qb6 25. Be5 Bxe5 26. Qxe5 Bb5 27. Kg2
Bxe2 28. Rxe2 Rxd4 29. Qc7 Qb5 30. Rcc2 Qd5 31. h3 Rd3 32. Qf4 Rxa3 33. Rc7 Rd7
34. Rxd7 Qxd7 35. Rd2 Qe7 36. Rc2 Rd3 37. Rc8+ Rd8 38. Rc7 Rd7 39. Rc8+ Kh7 40.
Qe4+ f5 41. Qe5 Qxb4 42. Qxe6 Rd2+ 43. Kg3 Qd6+ 44. Qxd6 Rxd6 45. gxf5 a5 46.
Kf4 a4 47. Ke5 Ra6 48. Rc7 a3 49. Rxb7 a2 50. f6 a1=Q+ 0-1

[Event "Olimpiade 2014 - Open"]
[Site "Tromsø"]
[Date "05.08.2014"]
[Round "4.51"]
[Board "3"]
[White "Nyambalo, Joseph Xavier"]
[Black "Alahakoon, Isuru"]
[Result "0-1"]
[WhiteTitle "CM"]
[WhiteElo "2115"]
[BlackElo "2120"]
[WhiteTeam "Malawi"]
[BlackTeam "Sri Lanka"]
[WhiteFideId "20500041"]
[BlackFideId "9900993"]
[EventDate "2014.08.02"]

1. Nf3 e6 2. c4 f5 3. d4 Nf6 4. g3 Be7 5. Nc3 O-O 6. Bg2 d6 7. O-O Qe8 8. Bg5
Ne4 9. Bd2 Bf6 10. Qc2 Nxd2 11. Qxd2 e5 12. dxe5 dxe5 13. e4 Nc6 14. Rfe1 f4 15.
Nd5 Bd8 16. Nb4 Bg4 17. Qd5+ Be6 18. Qb5 Nxb4 19. Qxb4 Bg4 20. Qxb7 Bf6 21. Qd5+
Kh8 22. Nd2 Rd8 23. Qa5 Qh5 24. Nb3 Bh3 25. Bh1 fxg3 26. hxg3 Bh4 27. Qc3 Be7
28. Rac1 Rd6 29. Rc2 Rh6 30. Re3 Bf1 31. Kxf1 Qxh1+ 32. Ke2 Rxf2+ 33. Kd3 Rd6+ 0-1

[Event "Olimpiade 2014 - Open"]
[Site "Tromsø"]
[Date "05.08.2014"]
[Round "4.68"]
[Board "2"]
[White "Tamra, Attallah"]
[Black "Mansour, Sameer"]
[Result "1-0"]
[BlackTitle "FM"]
[WhiteElo "2081"]
[BlackElo "2249"]
[WhiteTeam "Palestine"]
[BlackTeam "Jordan"]
[WhiteFideId "11500255"]
[BlackFideId "8100144"]
[EventDate "2014.08.02"]

1. Nf3 c5 2. d4 cxd4 3. Nxd4 g6 4. g3 Bg7 5. Bg2 Nc6 6. Nxc6 bxc6 7. O-O Nf6 8.
c4 O-O 9. Nc3 Qa5 10. Bd2 Rb8 11. b3 Qa6 12. Qc2 d6 13. Rad1 Be6 14. e4 Rfc8 15.
h3 Nd7 16. Be3 Qa5 17. Ne2 c5 18. Nf4 Ne5 19. Bd2 Qd8 20. Bc3 Bd7 21. Ne2 Qc7
22. f4 Nc6 23. Bxg7 Kxg7 24. Rd2 f6 25. Qc3 e5 26. Qd3 Nd4 27. Nc3 Bc6 28. Rdf2
Rf8 29. Qe3 a5 30. h4 Rbe8 31. g4 Ne6 32. Ne2 a4 33. f5 gxf5 34. exf5 Nd4 35.
bxa4 Nxe2+ 36. Rxe2 Ra8 37. g5 Kh8 38. g6 Kg7 39. h5 hxg6 40. fxg6 Rh8 41. Qf2
Raf8 42. Bxc6 Qxc6 43. Qf5 Qb7 44. a5 Qe7 45. Rb2 Ra8 46. Rfb1 Kh6 47. Rb7 Qe8
48. g7 Rg8 49. Qxf6+ Kh7 50. Rf7 Qxf7 51. Qxf7 Rxg7+ 52. Qxg7+ Kxg7 53. Rb6 Rxa5
54. Rxd6 Rxa2 55. Rd5 Kf6 56. Rxc5 Kf5 57. h6 Kf4 58. Rc7 Ra1+ 59. Kg2 Ra2+ 60.
Kh3 Ra6 61. h7 Rh6+ 62. Kg2 e4 63. c5 e3 64. c6 e2 65. Rf7+ Ke3 66. Re7+ Kd3 67.
c7 Rxh7 1-0

[Event "Olimpiade 2014 - Open"]
[Site "Tromsø"]
[Date "05.08.2014"]
[Round "4.68"]
[Board "4"]
[White "Michel Yunis, Christian D."]
[Black "Khader, Sami"]
[Result "1-0"]
[WhiteTitle "IM"]
[BlackTitle "IM"]
[WhiteElo "2311"]
[BlackElo "2352"]
[WhiteTeam "Palestine"]
[BlackTeam "Jordan"]
[WhiteFideId "3400085"]
[BlackFideId "8100500"]
[EventDate "2014.08.02"]

1. d4 Nf6 2. Nf3 c5 3. d5 e6 4. Nc3 exd5 5. Nxd5 Nxd5 6. Qxd5 Be7 7. e4 Nc6 8.
Bc4 O-O 9. Qh5 Nb4 10. O-O Nxc2 11. Ng5 Bxg5 12. Bxg5 Qe8 13. Rad1 Nd4 14. Qh4
Nc6 15. f4 Kh8 16. Rf3 d5 17. Bf6 Rg8 18. exd5 Nb4 19. Re1 Qa4 20. Bxg7+ Rxg7
21. Qd8+ Rg8 22. Qf6+ Rg7 23. Rg3 Bg4 24. Rxg4 Rg8 25. Rxg7 Rxg7 26. b3 Qd7 27.
Re7 Qd8 28. a3 b5 29. axb4 bxc4 30. d6 h5 31. d7 Kh7 32. Qf5+ Kh6 33. Re8 1-0

[Event "Olimpiade 2014 - Open"]
[Site "Tromsø"]
[Date "05.08.2014"]
[Round "4.71"]
[Board "1"]
[White "Salih, Akar Ali Salih"]
[Black "Phillips, Roy"]
[Result "1/2-1/2"]
[WhiteTitle "FM"]
[BlackTitle "FM"]
[WhiteElo "2315"]
[BlackElo "2272"]
[WhiteTeam "Iraq"]
[BlackTeam "Mauritius"]
[WhiteFideId "4800575"]
[BlackFideId "404136"]
[EventDate "2014.08.02"]

1. e4 d6 2. d4 Nf6 3. Nc3 e5 4. dxe5 dxe5 5. Qxd8+ Kxd8 6. Bg5 Be6 7. O-O-O+ Nd7
8. f4 exf4 9. Nf3 h6 10. Bxf4 Bb4 11. Nd5 Bxd5 12. exd5 Bd6 13. Bxd6 cxd6 14.
Nd4 g6 15. Bb5 Ne5 16. h3 a6 17. Ba4 Rc8 18. Rhf1 Ne4 19. c3 Rc7 20. Bc2 Nc5 21.
Rf6 Ke7 22. Rf2 Rhc8 23. b3 Kd8 24. Kb2 Re7 25. c4 Re8 26. Rfd2 Ke7 27. Rc1 Kf8
28. Bb1 Kg7 29. Rc3 Rc7 30. Rg3 Kf8 31. Rf2 Ke7 32. Re3 Kd8 33. Rfe2 Rce7 34.
Kc3 Rc7 35. Nf3 Ncd7 1/2-1/2

[Event "Olimpiade 2014 - Open"]
[Site "Tromsø"]
[Date "05.08.2014"]
[Round "4.80"]
[Board "1"]
[White "Hamperl, Fred"]
[Black "Kabera, Godfrey"]
[Result "1-0"]
[WhiteTitle "FM"]
[BlackTitle "CM"]
[WhiteElo "2119"]
[BlackElo "1909"]
[WhiteTeam "Guernsey"]
[BlackTeam "Rwanda"]
[WhiteFideId "10700110"]
[BlackFideId "16000080"]
[EventDate "2014.08.02"]

1. e4 e6 2. d4 d5 3. exd5 exd5 4. c4 c6 5. Nc3 Nf6 6. Bd3 Be7 7. Nge2 Nbd7 8.
O-O dxc4 9. Bxc4 Nb6 10. Bb3 O-O 11. Re1 Bd6 12. Qd3 Re8 13. h3 g6 14. Bg5 Bf5
15. Qf3 Nbd7 16. Rad1 Kg7 17. g4 Be6 18. d5 cxd5 19. Nxd5 Bxd5 20. Rxd5 Re6 21.
Red1 Qc7 22. Nd4 Nxd5 23. Bxd5 Rf6 24. Bxf6+ Nxf6 25. Bxb7 Bh2+ 26. Kg2 Rd8 27.
Ne6+ fxe6 28. Rxd8 Qxd8 29. Kxh2 Qb6 30. b3 h6 31. Kg2 Nd7 32. Qc3+ e5 33. Bc8
Nf6 34. a4 Qd6 35. Bb7 Qb6 36. Qc6 Qxb3 37. a5 e4 38. Qc7+ Qf7 39. Qxf7+ Kxf7
40. Kf1 Ke6 41. Ke2 Ke5 42. Ke3 g5 43. a6 Nd5+ 44. Bxd5 Kxd5 45. Ke2 Kc6 46. Ke3
Kb6 47. Kxe4 Kxa6 48. f4 gxf4 49. h4 Kb7 50. g5 hxg5 51. h5 a5 52. h6 Kb6 53. h7
Kb5 54. h8=Q a4 55. Qc3 Kb6 56. Qb4+ Kc6 57. Qxa4+ Kd6 58. Qa5 1-0

[Event "Olimpiade 2014 - Open"]
[Site "Tromsø"]
[Date "05.08.2014"]
[Round "4.83"]
[Board "1"]
[White "Drayton, Anthony"]
[Black "Ndikumana, Yves"]
[Result "1-0"]
[WhiteElo "1828"]
[BlackElo "2030"]
[WhiteTeam "Guyana"]
[BlackTeam "Burundi"]
[WhiteFideId "19700261"]
[BlackFideId "20300018"]
[EventDate "2014.08.02"]

1. e4 c5 2. Nf3 Nc6 3. d4 cxd4 4. Nxd4 a6 5. Nc3 e6 6. Be3 Bb4 7. Ne2 Nf6 8. a3
Ba5 9. b4 Bc7 10. Nd4 O-O 11. Be2 Ne5 12. f4 Nc6 13. e5 Nd5 14. Nxd5 exd5 15.
O-O d6 16. Nxc6 bxc6 17. exd6 Bxd6 18. c4 Qe7 19. Bd4 c5 20. bxc5 Bxc5 21. Bf3
Bb7 22. Re1 Qd6 23. Kh1 Rfe8 24. Bxc5 Qxc5 25. Qb3 Bc6 26. cxd5 Bb5 27. Qb4 Qxb4
28. axb4 Rac8 29. Kg1 f5 30. Re5 g6 31. Rae1 Kf7 32. d6 Rxe5 33. Rxe5 Rd8 34.
Bd5+ Kg7 35. Re6 Bd7 36. Re7+ Kh6 37. Bc4 Bc6 38. Bxa6 Rxd6 39. b5 Be4 40. g4
Rd1+ 41. Kf2 Rd2+ 42. Ke3 Rxh2 1-0

[Event "Olimpiade 2014 - Open"]
[Site "Tromsø"]
[Date "06.08.2014"]
[Round "5.1"]
[Board "2"]
[White "Perunovic, Milos"]
[Black "Radjabov, Teimour"]
[Result "1-0"]
[WhiteTitle "GM"]
[BlackTitle "GM"]
[WhiteElo "2602"]
[BlackElo "2724"]
[WhiteTeam "Serbia"]
[BlackTeam "Azerbaijan"]
[WhiteFideId "921629"]
[BlackFideId "13400924"]
[EventDate "2014.08.02"]

1. e4 e5 2. Nf3 Nc6 3. Bb5 f5 4. d3 fxe4 5. dxe4 Nf6 6. O-O d6 7. Nc3 Be7 8. Be3
a6 9. Be2 Bg4 10. h3 Bh5 11. Ng5 Bxe2 12. Qxe2 Qd7 13. Qc4 Nd8 14. f4 exf4 15.
Bxf4 Qc6 16. Qd3 h6 17. Nf3 Ne6 18. Be3 O-O 19. Nh4 Nc5 20. Ng6 Rf7 21. Qc4 Re8
22. e5 dxe5 23. Nxe7+ Rxe7 24. Qxc5 Qe6 25. Rad1 Kh7 26. Nd5 Ne4 27. Qc4 Ng3 28.
Rxf7 Rxf7 29. Bf2 Nf5 30. Ne3 Qg6 31. Nxf5 Qxf5 32. Bg3 1-0

[Event "Olimpiade 2014 - Open"]
[Site "Tromsø"]
[Date "06.08.2014"]
[Round "5.1"]
[Board "3"]
[White "Mamedov, Rauf"]
[Black "Markus, Robert"]
[Result "1/2-1/2"]
[WhiteTitle "GM"]
[BlackTitle "GM"]
[WhiteElo "2659"]
[BlackElo "2602"]
[WhiteTeam "Azerbaijan"]
[BlackTeam "Serbia"]
[WhiteFideId "13401653"]
[BlackFideId "921637"]
[EventDate "2014.08.02"]

1. e4 c5 2. Nf3 e6 3. d4 cxd4 4. Nxd4 a6 5. Bd3 Bc5 6. Nb3 Be7 7. Qg4 g6 8. Qe2
d6 9. O-O Nd7 10. Nc3 Qc7 11. Bd2 h5 12. Rae1 Ngf6 13. f4 b5 14. Nd1 Bb7 15. Na5
Nc5 16. Nf2 Nxd3 17. cxd3 O-O 18. Rc1 Qd7 19. Qe3 Bd8 20. Bb4 Rc8 21. Nxb7 Rxc1
22. Rxc1 Qxb7 23. Bxd6 Bb6 24. Bc5 Rc8 25. b4 a5 26. a3 axb4 27. axb4 Bxc5 28.
Rxc5 Ra8 29. h3 Ra1+ 30. Rc1 Qa8 31. Kh2 Rxc1 32. Qxc1 Qa2 33. Kg1 Qe2 34. Qc8+
Kg7 35. Qc1 h4 36. f5 exf5 37. exf5 Qe5 38. fxg6 Kxg6 39. Kh1 Qd4 40. Qe1 Kf5
41. Kg1 Kg6 42. Kh2 Nd5 43. Qe4+ Qxe4 44. Nxe4 Nxb4 45. Nc3 Nxd3 46. Nxb5 1/2-1/2

[Event "Olimpiade 2014 - Open"]
[Site "Tromsø"]
[Date "06.08.2014"]
[Round "5.1"]
[Board "4"]
[White "Sedlak, Nikola"]
[Black "Guseinov, Gadir"]
[Result "1/2-1/2"]
[WhiteTitle "GM"]
[BlackTitle "GM"]
[WhiteElo "2554"]
[BlackElo "2613"]
[WhiteTeam "Serbia"]
[BlackTeam "Azerbaijan"]
[WhiteFideId "922900"]
[BlackFideId "13401378"]
[EventDate "2014.08.02"]

1. d4 Nf6 2. c4 g6 3. Nc3 Bg7 4. e4 d6 5. Be2 O-O 6. Nf3 c5 7. O-O cxd4 8. Nxd4
Nc6 9. Be3 Bd7 10. Qd2 Nxd4 11. Bxd4 Bc6 12. f3 Nd7 13. Be3 a5 14. b3 Nc5 15.
Rab1 e6 16. Rfd1 Be5 17. Qe1 Qf6 18. Rbc1 Rfd8 19. Bf1 g5 20. Qd2 h6 21. Bd4
Bxd4+ 22. Qxd4 Qxd4+ 23. Rxd4 Kf8 24. Kf2 Ke7 25. Be2 Rg8 26. h4 Rad8 27. hxg5
hxg5 28. Rh1 Rh8 29. Rdd1 g4 30. Ke3 gxf3 31. gxf3 Rdg8 32. Kf2 Rf8 33. Ke3 Rfg8
34. Kf2 Rf8 35. Ke3 1/2-1/2

[Event "Olimpiade 2014 - Open"]
[Site "Tromsø"]
[Date "06.08.2014"]
[Round "5.2"]
[Board "2"]
[White "Cheparinov, Ivan"]
[Black "Svidler, Peter"]
[Result "1/2-1/2"]
[WhiteTitle "GM"]
[BlackTitle "GM"]
[WhiteElo "2681"]
[BlackElo "2751"]
[WhiteTeam "Bulgaria"]
[BlackTeam "Russia"]
[WhiteFideId "2905540"]
[BlackFideId "4102142"]
[EventDate "2014.08.02"]

1. d4 d5 2. c4 dxc4 3. Nf3 a6 4. e3 b5 5. a4 Bb7 6. b3 e6 7. bxc4 bxc4 8. Bxc4
Nf6 9. Nbd2 Nbd7 10. O-O Be7 11. Rb1 Rb8 12. Qe2 O-O 13. Bb2 c5 14. Bxa6 Bxa6
15. Qxa6 Ra8 16. Qc4 Nb6 17. Qc2 Nxa4 18. Ba1 cxd4 19. Bxd4 Qc8 20. Nc4 Nd5 21.
Rfc1 Nac3 22. Bxc3 Qxc4 23. Bd4 Qxc2 24. Rxc2 Rfc8 25. Rxc8+ Rxc8 26. g3 f6 27.
e4 Nb4 28. Be3 Kf7 29. Rc1 Rxc1+ 30. Bxc1 Nc6 1/2-1/2

[Event "Olimpiade 2014 - Open"]
[Site "Tromsø"]
[Date "06.08.2014"]
[Round "5.2"]
[Board "4"]
[White "Rusev, Krasimir"]
[Black "Nepomniachtchi, Ian"]
[Result "1/2-1/2"]
[WhiteTitle "GM"]
[BlackTitle "GM"]
[WhiteElo "2548"]
[BlackElo "2714"]
[WhiteTeam "Bulgaria"]
[BlackTeam "Russia"]
[WhiteFideId "2905434"]
[BlackFideId "4168119"]
[EventDate "2014.08.02"]

1. d4 f5 2. c4 Nf6 3. Nc3 d6 4. Nf3 g6 5. g3 Bg7 6. Bg2 O-O 7. O-O e6 8. b3 Nc6
9. Qc2 Qe8 10. Bb2 h6 11. e4 e5 12. dxe5 dxe5 13. Nd5 fxe4 14. Nxf6+ Bxf6 15.
Nd2 Nd4 16. Bxd4 exd4 17. Nxe4 Bg7 18. Rae1 Bf5 19. Qd2 Qe7 20. f4 Rae8 21. h3
c6 22. Nf2 Qd6 23. Be4 Qd7 24. Qd3 Re7 25. Re2 Rfe8 26. Rfe1 Kf7 27. Bxf5 gxf5
28. Rxe7+ Rxe7 29. Rxe7+ Kxe7 30. Qe2+ Qe6 31. Qxe6+ Kxe6 32. Nd3 Bf8 33. Kg2 h5
34. Kf3 c5 35. Ke2 Bd6 36. Kf3 Bf8 37. Ne1 Be7 38. Kf2 b6 39. Ke2 h4 40. g4 fxg4
41. hxg4 h3 42. Kf3 Bh4 43. Nd3 h2 44. Kg2 Bg3 45. a3 a5 46. Kh1 Kf6 47. Kg2 Kg6
48. Ne5+ Kg7 49. Nd3 Kf6 50. Kh1 Kg7 51. Kg2 Kf6 52. Kh1 Ke6 53. Kg2 Kf7 54.
Ne5+ Kf6 55. Nd3 Ke7 1/2-1/2

[Event "Olimpiade 2014 - Open"]
[Site "Tromsø"]
[Date "06.08.2014"]
[Round "5.3"]
[Board "2"]
[White "Agdestein, Simen"]
[Black "Sargissian, Gabriel"]
[Result "0-1"]
[WhiteTitle "GM"]
[BlackTitle "GM"]
[WhiteElo "2630"]
[BlackElo "2686"]
[WhiteTeam "Norway"]
[BlackTeam "Armenia"]
[WhiteFideId "1500015"]
[BlackFideId "13300881"]
[EventDate "2014.08.02"]

1. d4 Nf6 2. c4 e6 3. Nf3 d5 4. Nc3 Be7 5. Bf4 O-O 6. e3 Nbd7 7. Be2 dxc4 8. O-O
c5 9. dxc5 Nxc5 10. Bxc4 a6 11. Ne5 Ncd7 12. Qf3 Nxe5 13. Bxe5 Qa5 14. Bg3 Qb4
15. Qe2 Bd7 16. a3 Qb6 17. e4 Bc6 18. e5 Nd7 19. b4 Rfd8 20. h4 Qd4 21. Rac1 Nb6
22. Ba2 Qd2 23. Qxd2 Rxd2 24. Bf4 Rb2 25. h5 a5 26. Rb1 Rc2 27. Rfc1 Rxc1+ 28.
Bxc1 axb4 29. axb4 Na4 30. Nxa4 Rxa4 31. Bb3 Ra8 32. Bd2 Rd8 33. Bc3 h6 34. Rd1
Ra8 35. Bd2 Kf8 36. f3 Ke8 37. Rb1 Rd8 38. Rb2 Rd4 39. Ba2 Bh4 40. Kh2 Bf2 41.
f4 Rd3 42. Bc4 Rg3 43. Bf1 Ra3 44. b5 Bg3+ 45. Kg1 Bd5 46. b6 Bc6 47. Rb4 Bh4
48. Rb1 Be7 49. Kh2 Bc5 50. Bb4 Bxb4 51. Rxb4 Ra2 52. Rb1 Ke7 53. Kh3 f6 54. Kg3
fxe5 55. fxe5 Ra5 56. Re1 Ra3+ 57. Kf2 Rb3 58. Re3 Rb2+ 59. Ke1 Rxb6 60. Rg3 Kf7
61. Rg4 Rb1+ 62. Kf2 Bb5 63. Rf4+ Kg8 64. Bxb5 Rxb5 65. Re4 Rd5 66. Kf3 b5 67.
g4 Kf7 68. g5 hxg5 69. Kg4 Rd1 70. Kxg5 Rf1 71. Kg4 Rf5 72. Kh4 Kg8 73. Rg4 Kh7
74. Re4 Kh6 75. Kg4 Rxh5 76. Re1 Rf5 77. Re2 g5 0-1

[Event "Olimpiade 2014 - Open"]
[Site "Tromsø"]
[Date "06.08.2014"]
[Round "5.3"]
[Board "3"]
[White "Movsesian, Sergei"]
[Black "Hammer, Jon Ludvig"]
[Result "1/2-1/2"]
[WhiteTitle "GM"]
[BlackTitle "GM"]
[WhiteElo "2672"]
[BlackElo "2628"]
[WhiteTeam "Armenia"]
[BlackTeam "Norway"]
[WhiteFideId "310204"]
[BlackFideId "1503707"]
[EventDate "2014.08.02"]

1. e4 e5 2. Nf3 Nc6 3. Bb5 Nf6 4. d3 Bc5 5. c3 O-O 6. O-O Re8 7. b4 Bb6 8. Bc4
h6 9. a4 a6 10. a5 Ba7 11. Qb3 Qe7 12. Be3 d6 13. Bxa7 Nxa7 14. Nbd2 Be6 15.
Rfe1 Bxc4 16. Nxc4 Qe6 17. d4 exd4 18. Nxd4 Qd7 19. e5 dxe5 20. Nxe5 Qd5 21. Ng4
Qg5 22. Nxf6+ Qxf6 23. Qd5 Nc6 24. Nxc6 Qxc6 25. Qxc6 bxc6 26. Kf1 c5 27. bxc5
Rab8 28. Rxe8+ Rxe8 29. Rb1 Re5 30. Rb8+ Kh7 31. Ra8 Rxc5 32. Rxa6 Rxc3 33. Ra7
Kg6 34. Rb7 Ra3 35. Rxc7 Rxa5 1/2-1/2

[Event "Olimpiade 2014 - Open"]
[Site "Tromsø"]
[Date "06.08.2014"]
[Round "5.3"]
[Board "4"]
[White "Johannessen, Leif Erlend"]
[Black "Akopian, Vladimir"]
[Result "1/2-1/2"]
[WhiteTitle "GM"]
[BlackTitle "GM"]
[WhiteElo "2528"]
[BlackElo "2655"]
[WhiteTeam "Norway"]
[BlackTeam "Armenia"]
[WhiteFideId "1501674"]
[BlackFideId "13300032"]
[EventDate "2014.08.02"]

1. d4 d5 2. c4 c6 3. Nf3 Nf6 4. e3 Bf5 5. Nc3 e6 6. Nh4 Bg6 7. Be2 Nbd7 8. O-O
Bd6 9. g3 O-O 10. Nxg6 hxg6 11. Qc2 dxc4 12. Bxc4 Rc8 13. Rd1 Qe7 14. Bd2 a6 15.
Bf1 c5 16. dxc5 Nxc5 17. Rac1 Nce4 18. Be1 Nxc3 19. Bxc3 Nd5 20. Qb3 Nxc3 21.
Rxc3 Rxc3 22. Qxc3 Rd8 23. Bg2 b6 24. Qc6 Be5 25. Rxd8+ Qxd8 26. b3 a5 27. Qa8
Qxa8 28. Bxa8 g5 29. h3 Bc3 30. Kf1 Kf8 1/2-1/2